Normal view MARC view

Entry Personal Name

Number of records used in: 1

001 - CONTROL NUMBER

  • control field: 675

003 - CONTROL NUMBER IDENTIFIER

  • control field: DLC

005 - DATE AND TIME OF LATEST TRANSACTION

  • control field: 20191223104424.0

008 - FIXED-LENGTH DATA ELEMENTS

  • fixed length control field: 800811n| azannaabn |b aaa

010 ## - LIBRARY OF CONGRESS CONTROL NUMBER

  • LC control number: n 50047304

035 ## - SYSTEM CONTROL NUMBER

  • System control number: (OCoLC)oca00082389

040 ## - CATALOGING SOURCE

  • Original cataloging agency: DLC
  • Language of cataloging: eng
  • Description conventions: rda
  • Transcribing agency: DLC
  • Modifying agency: DLC
  • Modifying agency: OCoLC
  • Modifying agency: NNC
  • Modifying agency: OCoLC

046 ## - SPECIAL CODED DATES

  • Birth date: 1932
  • Death date: 20121224

100 1# - HEADING--PERSONAL NAME

  • Personal name: Hayami, Yūjirō,
  • Dates associated with a name: 1932-2012

372 ## - FIELD OF ACTIVITY

  • Field of activity: Agricultural development projects--Developing countries
  • Source of term: lcsh

373 ## - ASSOCIATED GROUP

  • Associated group: Aoyama Gakuin Daigaku
  • Associated group: Tōkyō Toritsu Daigaku
  • Source of term: naf

400 1# - SEE FROM TRACING--PERSONAL NAME

  • Control subfield: nne
  • Personal name: Hayami, Yūjirō,
  • Dates associated with a name: 1932-

400 1# - SEE FROM TRACING--PERSONAL NAME

  • Personal name: 速水佑次郎,
  • Dates associated with a name: 1932-2012

670 ## - SOURCE DATA FOUND

  • Source citation: Author's Agricultural development ... 1971.

670 ## - SOURCE DATA FOUND

  • Source citation: Marketing innovation for vegetables, 1991:
  • Information found: t.p. (Yujiro Hayami; prof. Fac. of International Politics, Economics and Business, Aoyama-Gakuin Univ., Tokyo)

670 ## - SOURCE DATA FOUND

  • Source citation: Asahi.com, Dec. 26, 2012
  • Information found: (速水佑次郎 = Hayami Yūjirō; r; d. Dec. 24, 2012 at age 80; prof. emeritus, Tōkyō Toritsudai; spec., agricultural development in developing countries)

Powered by Koha